000 00482nam a2200181Ia 4500
005 20250508152348.0
008 008 250505s9999 xx 000 0 eng d
037 _aTextual
040 _aFEDL
_beng
_cFEDL
041 _aeng
_2eng
084 _a500.72, DEV
_qFEDL
100 _aDe Vries Leonard
_9283603
245 0 _aBook of experiments
260 _aLondon, UK
_bJohn Murray
_c1958
300 _a120p
942 _cTEXL
_h500.72, DEV
999 _c1335920
_d1335920